000 00428nam a2200169Ia 4500
008 230711s9999||||xx |||||||||||||| ||und||
020 _a978-81-265-3167-7
041 _aENG
082 _a624.176
_bDO-E
100 _aDowrick,David
245 0 _aEarthquake resistant design and risk reduction
250 _a2nd Ed.
260 _c2016
_aNew Delhi
_bWiley & Sons
300 _a530p.
650 _aCivil Engineering
942 _cBK
999 _c5867
_d5867